<?xml version="1.0" encoding="UTF-8"?>
<collection xmlns="http://www.loc.gov/MARC21/slim">
<record>
  <controlfield tag="001">257726</controlfield>
  <controlfield tag="005">20241127173333.0</controlfield>
  <datafield tag="035" ind1=" " ind2=" ">
    <subfield code="a">G:(GEPRIS)404795702</subfield>
  </datafield>
  <datafield tag="024" ind1="7" ind2=" ">
    <subfield code="a">G:(GEPRIS)404795702</subfield>
    <subfield code="d">404795702</subfield>
  </datafield>
  <datafield tag="040" ind1=" " ind2=" ">
    <subfield code="a">GEPRIS</subfield>
    <subfield code="c">http://gepris.its.kfa-juelich.de</subfield>
  </datafield>
  <datafield tag="150" ind1=" " ind2=" ">
    <subfield code="a">Transport und Sekretion von Hepatitis E Virus in von humanen Stammzellen-abgeleiteten polarisierten Leberzellen (17)</subfield>
    <subfield code="y">2018 -</subfield>
  </datafield>
  <datafield tag="371" ind1=" " ind2=" ">
    <subfield code="a">Viet Loan Dao Thi, Ph.D.</subfield>
  </datafield>
  <datafield tag="450" ind1=" " ind2=" ">
    <subfield code="a">SFB 1129 17</subfield>
    <subfield code="w">d</subfield>
    <subfield code="y">2018 -</subfield>
  </datafield>
  <datafield tag="510" ind1="1" ind2=" ">
    <subfield code="a">Deutsche Forschungsgemeinschaft</subfield>
    <subfield code="0">I:(DE-588b)2007744-0</subfield>
    <subfield code="b">DFG</subfield>
  </datafield>
  <datafield tag="550" ind1=" " ind2=" ">
    <subfield code="0">G:(GEPRIS)240245660</subfield>
    <subfield code="a">SFB 1129: Integrative Analyse der Replikation und Ausbreitung pathogener Erreger</subfield>
    <subfield code="w">t</subfield>
  </datafield>
  <datafield tag="680" ind1=" " ind2=" ">
    <subfield code="a">Das Hepatitis-E-Virus (HEV) ist eine der Hauptursachen für akute Hepatitis weltweit Die Polarität der Epithel-zellen in den betroffenen Geweben, d. h. im Darm und in der Leber, spielt eine entscheidende Rolle bei der HEV Übertragung. Wir haben ORF3 als Treiber des apikalen HEV-Transports identifiziert. Wir wollen nun dessen Rolle bei der HEV-Sekretion verstehen, interagierende zelluläre Determinanten identifizieren und den Transport von ORF2-Subpopulationen untersuchen. Darüber hinaus wollen wir unsere polarisierten Leberzell-kultursysteme weiter verbessern. Unsere Bemühungen sollen zu einem besseren Verständnis der HEV Sekre-tion sowie der fein abgestimmten Regulation der polarisierten Transportmaschinerie in Leberzellen führen.</subfield>
  </datafield>
  <datafield tag="909" ind1="C" ind2="O">
    <subfield code="o">oai:juser.fz-juelich.de:924329</subfield>
    <subfield code="p">authority:GRANT</subfield>
    <subfield code="p">authority</subfield>
  </datafield>
  <datafield tag="980" ind1=" " ind2=" ">
    <subfield code="a">G</subfield>
  </datafield>
  <datafield tag="980" ind1=" " ind2=" ">
    <subfield code="a">AUTHORITY</subfield>
  </datafield>
  <datafield tag="909" ind1="C" ind2="O">
    <subfield code="o">oai:juser.fz-juelich.de:924329</subfield>
  </datafield>
</record>
</collection>